Social cognitive development : frontiers and possible futures
Αποθηκεύτηκε σε:
| Άλλοι συγγραφείς: | , |
|---|---|
| Μορφή: | Βιβλίο |
| Γλώσσα: | English |
| Δημοσίευση: |
Cambridge :
Cambridge University Press,
1981
|
| Σειρά: | Cambridge studies in social and emotional development ;
; 1 |
| Θέματα: | |
| Ετικέτες: |
Προσθήκη ετικέτας
Δεν υπάρχουν, Καταχωρήστε ετικέτα πρώτοι!
|
MARC
| LEADER | 00000nam a2200000 i 4500 | ||
|---|---|---|---|
| 001 | 1/84896 | ||
| 008 | 960701s1981 eng d | ||
| 020 | |a 0-521-28156-3 | ||
| 035 | |a 1986 |c Αγορά |l 10034557 | ||
| 040 | |a GR-MY-UA |b gre |e aacr | ||
| 041 | 0 | |a eng | |
| 082 | 0 | |a 155.418 | |
| 245 | 1 | 0 | |a Social cognitive development : |b frontiers and possible futures / |c edited by John H. Flavell, Lee Ross |
| 260 | |a Cambridge : |b Cambridge University Press, |c 1981 | ||
| 300 | |a 322 p. | ||
| 490 | 1 | |a Cambridge studies in social and emotional development |v ; 1 | |
| 500 | |a Based on seminars spongs.By the comm. on social affective devel. during childhood of ... | ||
| 650 | 0 | 0 | |a Social perception in children. |
| 650 | 0 | 0 | |a Perception in children. |
| 650 | 0 | 0 | |a Child psychology. |
| 700 | 1 | |a Flavell, John H. |4 edt | |
| 700 | 1 | |a Ross, Lee. |4 edt | |
| 830 | 0 | |a Cambridge studies in social and emotional development ; |v ; 1 | |
| 852 | |a INST |b RHODES |e 19960701 |h 155.418 SOC |p 005400004883 |q 005400004883 |t BK |y 0 | ||
| 909 | |a Ρ |b 005977 |c 1986 | ||